000
00281nam a22001217a 4500
008
170628b xxu||||| |||| 00| 0 eng d
041
_a
eng
080
_a
82
100
_a
21
101
_a
GJL
245
_a
THE OXFORD COMPANION TO ENGLISH LITERATURE
_c
DRABBLE, M
942
_2
udc
_c
BK
999
_c
19303
_d
19303